Responses for Show #1329 - Thursday, May 17, 1990

1990 College Championship final game 1.

Contestants

[<< previous game]

David Honea, a junior from North Carolina State

Michael Thayer, a junior from Rutgers College

Amy Zucker, a senior from Wesleyan University (Connecticut)

[next game >>]

Jeopardy! Round responses

U.S.A.
CEREMONIES
MAGAZINES
ZOOLOGY
TV BLONDES
ANAGRAMS
    $100 9
Japanese

Michael
    $100 1
Burning/cremation

David
    $100 2
Prom

Amy
    $100 7
Eggs

Michael
    $100 24
Head of the Class

David
    $100 14
Rice (Eric)

Michael
    $200 10
The Bronx

David
    $200 3
Bar Mitzvahed

Amy
    $200 8
Mad magazine

David
    $200 22
Penguin

Michael
    $200 25
Sharon Gless

Michael
    $200 15
"Annie" (inane)

David
    $300 11
Spoon River

Amy
    $300 4
Dalai Lama

Michael
    $300 19
Motor Trend

Michael
    $300 23
(A: What are hearts?)

Horns

Amy
Triple Stumper
    $300 26
Jean Smart

Triple Stumper
    $300 16
Romance (Cameron)

Michael
    $400 12
Arlington National Cemetery

Michael
    $400 5
Bride's garter

Amy
    $400 20
(M: What is People?)
(A: What is Variety?)

Us magazine

AmyMichael
Triple Stumper
    $400 27
Rodents

David
    $400 29
Sandy Duncan

David
    $400 17
Lyric (Cyril)

Michael
    $500 13
Mason-Dixon Line

David
    $700 6
(A: What is Sunset Boulevard?)

Hollywood Boulevard

Amy
    $500 21
Parents magazine

Michael
    $500 28
Tail rings

Michael
    $500 30
Linda Kozlowski

Michael
    $500 18
Geraldine (realigned)

David

Scores at the first commercial break (after clue 13):

Amy Michael David
$300 $900 $1,000

Scores at the end of the Jeopardy! Round:

Amy Michael David
-$400 $3,500 $2,600

Double Jeopardy! Round responses

SOCIAL SCIENCE
THE HUMAN BODY
LEFTOVERS
ANCIENT WORLD
ISLANDS
U.S. PRESIDENTS
    $200 26
GNP (Gross National Product)

Michael
    $200 1
Tongue

David
    $200 13
Hearts

Michael
    $200 6
China

David
    $200 18
(D: What is Hawaii?)
(Alex: They're part of the Aleutian Islands)

Alaska

MichaelDavid
    $200 2
George Washington

David
    $400 27
Penology

Triple Stumper
    $400 12
Lungs

Michael
    $400 14
Philately

Amy
    $400 8
Athens

Michael
    $400 20
(M: What is Papua New Guinea?)
(A: What is Singapore?)

Indonesia

AmyMichael
Triple Stumper
    $400 3
Teddy Roosevelt

Amy
    $600 28
W.E.B. Du Bois

David
    $600 15
Ligaments

Amy
    $600 19
Saudi Arabia

David
    $600 9
Alexander the Great

Michael
    $600 21
Catalina Island

Triple Stumper
    $600 4
Woodrow Wilson

Michael
    $800 29
Milton Friedman

Amy
    $800 16
Adenoids

Michael
    $800 24
Erie or Huron

Amy
    $3,000 10
Babylon

Michael
    $800 22
Cuba

David
    $1,100 5
Harry S. Truman

Michael
    $1000 30
Max Weber

Amy
    $1000 17
Duodenum, jejunum, ileum

David
    $1000 25
Nothing

Amy
    $1000 11
Dido

Amy
    $1000 23
the Canary Islands

David
    $1000 7
James Buchanan

Michael

Scores at the end of the Double Jeopardy! Round:

Amy Michael David
$5,200 $11,600 $7,000

Final Jeopardy! Round responses

AMERICAN AUTHORS
AmyWho is H. James?
$5,200
DavidWho is Whitman?
$3,500
MichaelWho is Mark Twain?
$1,600
Herman Melville

Final scores:

Amy Michael David
$0 $10,000 $3,500

Game dynamics:

Coryat scores:

Amy Michael David
$5,900 $9,100 $7,000
12 R,
4 W
(including 1 DD)
24 R
(including 2 DDs),
2 W
17 R,
1 W

Combined Coryat: $22,000

[game clues] [game scores] [suggest correction]

Game tape date: 1990-04-22
The J! Archive is created by fans, for fans. Scraping, republication, monetization, and malicious use prohibited; this site may use cookies and collect identifying information. See terms. The Jeopardy! game show and all elements thereof, including but not limited to copyright and trademark thereto, are the property of Jeopardy Productions, Inc. and are protected under law. This website is not affiliated with, sponsored by, or operated by Jeopardy Productions, Inc. Join the discussion at JBoard.tv.